Which Place in Wales ? - Statistics

General Stats
  • This quiz has been taken 33 times
  • The average score is 9 of 15
Answer Stats
Clue Begins with Placename % Correct
Capital and largest city C Cardiff
100%
This city was nicknamed Copperopolis in the 19th century S Swansea
97%
The only other city in Wales B Bangor
90%
Smallest city in the United Kingdom S St. Davids
87%
City with one of only two transporter bridges in the UK N Newport
81%
Victorian seaside resort on the North Coast L Llandudno
77%
Major port for traffic to Ireland H Holyhead
71%
The second smallest city in the United Kingdom S St. Asaph
55%
North Parade, in this town was reported to be the most expensive street in Wales in 2018 A Aberystwyth
52%
Seaside town with 13th century medieval town walls, boats sail to the next clue T Tenby
52%
Town and name of one of the largest natural lakes in Wales B Bala
39%
Henry Morton Stanley deliverer of the famous line "Dr Livingstone, I presume?" was born in this town D Denbigh
26%
Gateway to the Elan Valley, a system of reservoirs and dams that supply water to Birmingham R Rhayader
23%
Village with a railway museum and the famous Swallow Falls B Betws-y-Coed
19%
Small island and village run by Cistercian monks C Caldey
19%
No matching quizzes found
Score Distribution
Percent of People with Each Score
Percentile by Number Answered
Your Score History
You have not taken this quiz